=LDR 00000nam 2200000 4500 =001 INLIS000000000032925 =005 20130612134916 =008 ***********************************Ind** =035 ##$$0010-061300000032925 =041 ##$$a Ind =082 ##$$a 618.92 =090 ##$$a 618.92, Add b =100 ##$$a Addy, D.P =245 ##$$a Buku pintar kesehatan kesehatan anak, Dr.D.P Addy =260 ##$$a 1991 $b Jakarta =300 ##$$a vi, 151 hlm, ilus, 21 cm =650 ##$$a Pediatrika =850 ##$$a NBPNMAT